[Event "Bundesliga 0405"]
[Site "Germany"]
[Date "2004.12.11"]
[Round "5.1"]
[White "Savchenko, Stanislav"]
[Black "Volokitin, Andrei"]
[Result "0-1"]
[WhiteElo "2497"]
[BlackElo "2652"]
[Annotator "Meulders,R"]
[PlyCount "63"]
[EventDate "2004.11.12"]
[EventType "team-tourn"]
[EventRounds "15"]
[EventCountry "GER"]
[SourceTitle "CBM 105"]
[Source "ChessBase"]
[SourceDate "2005.04.11"]
[SourceVersion "1"]
[SourceVersionDate "2005.04.11"]
[SourceQuality "1"]
[WhiteTeam "Hofheim"]
[BlackTeam "Katernberg"]
[WhiteTeamCountry "GER"]
[BlackTeamCountry "GER"]

1. d4 Nf6 2. c4 d6 3. Nc3 e5 4. dxe5 {Dieser Abtausch gilt als harmlos, aber
Schwarz soll doch aufpassen, weil Weiß meistens einen leichten aber spürbaren
Vorteil bekommt. Er soll natürlich aktiv vorgehen, sonst kann Schwarz die
Initiative ergreifen.} dxe5 5. Qxd8+ Kxd8 6. Nf3 Nbd7 7. Bd2 $6 {[%csl Rd2]} ({
Meiner Meinung nach ist} 7. Rg1 $1 {/\ g4 die beste Möglichkeit für Weiß auf
Vorteil zu spielen. Der Textzug ist zu passiv.} Bb4 (7... c6 8. g4 h6 (8... Bb4
9. Bd2 Re8 10. g5 Bxc3 11. gxf6 Bxd2+ 12. Nxd2 Nxf6 13. Rxg7 Re7 14. Rd1 Kc7
15. Nf3 h6 16. Nxe5 Be6 17. b3 $18 {1-0 Reindl,W-Herzog,K/Bayern 1999 (33)}) (
8... Be7 9. g5 Ne8 10. Bh3 Bd6 11. Ne4 Bc7 12. Be3 b6 13. O-O-O Ke7 14. Bd2 Nf8
15. Bb4+ c5 16. Bxc8 Rxc8 17. Bc3 $16 {1-0 Albrecht,R-Mueller,G/Germany 1987 
(27)}) (8... Ne8 9. Be3 f6 10. O-O-O Kc7 11. g5 Nd6 12. gxf6 gxf6 13. b3 Nf5
14. Bd2 a5 15. Ne4 $14 {1-0 Grigorov,G-Rusev,K/Sunny Beach 2004 (31)}) 9. h4 e4
(9... Bb4 10. Bd2 Re8 11. Rd1 Kc7 12. b3 a5 13. g5 hxg5 14. hxg5 Nh5 15. Rh1 g6
16. Ne4 $14 {1/2-1/2 Kachiani Gersinska,K-Remmler,V/Badenweiler 1990 (25)}) 10.
Nd4 Ne5 11. g5 hxg5 12. hxg5 Ne8 (12... Nfd7 13. g6 Nxg6 14. Nxe4 Nc5 15. Ng5
Ke8 16. b3 f6 17. Ngf3 Nh4 18. Nxh4 Rxh4 19. Nf3 Rh8 20. Be3 Ne4 21. Bg2 Bb4+
22. Nd2 Nxd2 23. Bxd2 Bxd2+ 24. Kxd2 Be6 25. Rh1 Ke7 26. Rad1 Rad8+ 27. Ke3
Rxh1 28. Rxh1 Rd7 29. c5 Bd5 30. Rh7 Kf7 31. Bxd5+ Rxd5 32. b4 {1/2-1/2
Harding,T-Eckstein,M/IECG email 1999 (32)}) 13. Bf4 Nxc4 14. O-O-O Bd6 15. e3
Bxf4 16. Bxc4 Nd6 17. exf4 Nxc4 18. Nxc6+ Kc7 19. Nd4 $14 {1-0 Karasev,
V-Dvoretzky,M/Minsk 1976 (50)}) (7... h6 8. g4 e4 9. g5 (9. Nd4 Bb4 10. Bf4 g5
11. Bg3 h5 12. h4 gxh4 13. Bxh4 hxg4 14. Rxg4 Ke8 15. Rf4 $16 {1-0 Epishin,
V-Romanishin,O/Bratto 2002 (51)}) 9... exf3 10. gxf6 Nxf6 11. exf3 Be6 12. Be3
b6 13. O-O-O+ Kc8 14. Ne4 Nd7 15. f4 g6 16. Nc3 $11 {1/2-1/2 Bareev,E-Larsen,B/
Hastings 1990 (45)}) (7... h5 8. Ng5 Ke8 9. Nb5 Bd6 10. b3 Ke7 11. Nxd6 cxd6
12. Ba3 Nc5 13. g3 Bf5 14. Bg2 Nfd7 15. O-O-O Rac8 16. Kb2 h4 17. Bd5 Bg6 18.
Nf3 hxg3 19. hxg3 {1/2-1/2 Jussupow,A-Bronstein,D/Moscow 1981 (19)}) 8. Bd2 Re8
9. a3 (9. g4 a5 10. g5 Bxc3 11. Bxc3 Ne4 12. Rc1 c6 13. Rg4 Nxc3 14. Rxc3 Nc5
15. Rh4 Bf5 16. Bh3 Bg6 17. Re3 f6 18. gxf6 gxf6 19. Rh6 Rg8 20. Nh4 $16 {
1-0 Meulders,R-Sutmuller,J/Netherlands 1994 (46)}) (9. O-O-O c6 (9... Ng4 10.
Ne4 Bxd2+ 11. Nfxd2 f5 12. h3 Ngf6 13. Nxf6 Nxf6 14. g4 f4 15. g5 Nd7 16. Bg2
$16 {1-0 Glavas,D-Dizdarevic,E/Sarajevo 1998 (45)}) 10. g4 Kc7 (10... a5 11. g5
Nh5 (11... Ng8 12. Ne4 Bf8 13. Bh3 Kc7 14. Bxd7 Bxd7 15. Bc3 f6 16. gxf6 gxf6
17. e3 (17. Rxg8 $1 $16) 17... Bf5 18. Nfd2 $14 {1-0 Krueger,E-Arkhangelsky,B/
Dresden 2001 (57)}) 12. Ne4 Kc7 13. e3 g6 14. a3 Bxd2+ 15. Rxd2 f5 16. gxf6
Nhxf6 17. Nd6 $14 {1-0 Agrest,E-Nouro,M/Stockholm 1997 (56)}) 11. g5 Bxc3 12.
Bxc3 Ne4 13. Be1 Nb6 14. b3 Bd7 15. Nh4 Be6 16. f3 Nc5 17. Ba5 Red8 18. e4 g6
19. Ng2 Rxd1+ 20. Kxd1 Rh8 21. Ne1 Kc8 22. Nd3 Nxd3 $11 {1-0 Shishkov,
A-Jakupovic,N/Hallsberg 1998 (52)}) 9... Bxc3 10. Bxc3 Ne4 11. Rc1 a5 12. g4
Ra6 13. Nd2 Ndc5 14. Nxe4 Nxe4 15. Bg2 Nxc3 16. Rxc3 e4 17. Re3 Rb6 $11 {
1/2-1/2 Sliwa,B-Fuderer,A/Gothenburg 1955 (37)}) 7... c6 8. Rg1 h6 {Nimmt dem
weißen Springer das Feld g5.} 9. g4 $2 {Kostet einen Bauer.} (9. O-O-O $1 $11)
9... e4 $1 10. Nd4 {[%csl Rd4]} Ne5 {[%csl Rc4,Rg4][%cal Ge5c4,Ge5g4,Gf6g4,
Gc8g4]} 11. g5 {Diese Flucht vorwärts erscheint noch am besten.} hxg5 12. Bxg5
{So hat sich 7.Bd2 auch noch als Tempoverlust erwiesen und Schwarz tastet zu
auf c4..} Nxc4 $15 13. O-O-O {[%csl Rd8][%cal Gd1d7]} Nd6 14. Bg2 (14. Bxf6+
gxf6 15. Nxe4 $4 Nxe4 {und Weiß hat keinen guten Abzug mit Nd4.}) 14... Kc7 15.
Bf4 (15. Bxf6 gxf6 16. Nxe4 Nxe4 17. Bxe4 Rxh2 $17) 15... Bd7 16. Rd2 $2 ({
Zäher erscheint das aktivere} 16. Nb3 Bf5 17. Rd4 Nh5 $15) 16... Nh5 $1 17.
Bxd6+ Bxd6 $17 18. Rgd1 (18. Nxe4 Bxh2) (18. Bxe4 Bxh2) 18... Nf6 19. Nxe4 Rxh2
$1 {Aktiv und keine Angst für Phantome.} 20. Nxf6 (20. Nxd6 Rxg2 21. Nxf7 Rxf2
22. Ne5 Ne4 $17) 20... gxf6 21. Nb5+ {Spektakulär aber ebenso ungenügend wie z.
B.} (21. Bf3 Rxf2 22. Nb5+ cxb5 23. Rxd6 Be6 $19 {und weiter wie in der Partie.
}) 21... cxb5 22. Rxd6 Be6 $19 23. Bf3 Rxf2 $19 24. R6d4 Re8 25. b3 Re7 26. Kb2
Bd7 27. Rc1+ Bc6 28. Rc2 f5 29. Rf4 Re5 30. b4 Kd6 31. Rd4+ Ke7 32. a3 (32. a3
Re3 33. Bxc6 Rexe2 34. Rxe2+ Rxe2+ 35. Kb3 bxc6 $19 {Fazit von dieser Partie:
wer auf kleine Vorteile spielt, kann sich keine Ungenauigkeiten erlauben, und
Passivität wird nicht belohnt.}) 0-1

[Event "Bundesliga 0405"]
[Site "Germany"]
[Date "2004.11.26"]
[Round "7.3"]
[White "Bischoff, Klaus"]
[Black "Reuss, Andreas"]
[Result "1-0"]
[WhiteElo "2559"]
[BlackElo "2356"]
[Annotator "Meulders,R"]
[PlyCount "81"]
[EventDate "2004.11.12"]
[EventType "team-tourn"]
[EventRounds "15"]
[EventCountry "GER"]
[SourceTitle "CBM 105"]
[Source "ChessBase"]
[SourceDate "2005.04.11"]
[SourceVersion "1"]
[SourceVersionDate "2005.04.11"]
[SourceQuality "1"]
[WhiteTeam "Tegernsee"]
[BlackTeam "Stuttgart"]
[WhiteTeamCountry "GER"]
[BlackTeamCountry "GER"]

1. d4 c6 2. c4 Nf6 3. Nc3 d6 4. e4 e5 5. Nf3 Bg4 6. Be2 Nbd7 7. O-O Be7 8. Be3
O-O 9. d5 c5 10. Ne1 Bxe2 11. Qxe2 {Weiß hat seinen schlechten Läufer tauschen
können und Schwarz will das natürlich auch tun.} Ne8 {[%cal Ge7g5]} 12. Qd2 h6
13. g3 Nef6 $2 ({Hier musste konsequent} 13... Bg5 {geschehen:} 14. f4 exf4 15.
gxf4 Bf6 {mit gleichen Chancen.}) 14. Qe2 $14 Kh7 15. Ng2 g6 16. Bd2 a6 17. Ne3
Qe8 $2 (17... Rb8 {[%csl Re4][%cal Gb7b5,Gf6e4,Gc4b5,Gc3b5]} 18. f3 {[%csl Ge4,
Gf3]} Nh5 19. Ng4 Bg5 20. f4 exf4 21. gxf4 Bh4 22. f5 Bg5 23. fxg6+ fxg6 24.
Rxf8 Qxf8 25. Rf1 Qe7 26. Bxg5 hxg5 $14) 18. a4 a5 $2 $16 {[%csl Rb5][%cal
Gc3b5] Ein positioneller Fluch. Schwarz verzichtet damit auf jedem Gegenspiel
am Damenflügel.} 19. Qf3 Nb6 20. b3 Qd7 21. Nb5 Nc8 22. Rae1 Na7 23. Bc3 {
Weiß kann nach Herzenslust lavieren, während Schwarz völlig ohne Gegenspiel
ist.} b6 24. Qg2 Ng4 25. Nxg4 $18 Qxg4 (25... Nxb5 26. Qh3 $1 {[%csl Rd7][%cal
Gg4f6]}) 26. Na3 {[%csl Gf5][%cal Ga3c2,Gc2e3]} Qd7 27. f4 f6 {[%csl Re7] So
hat Schwarz nun 9 Bauern.} (27... exf4 {löst die Probleme nicht, aber Schwarz
könnte dann doch wenigstens ein bisschen atmen.} 28. Rxf4 Rae8 $16) 28. Bd2
Rae8 29. Nb1 {Ich habe den Eindruck, Weiß wartet bis sein Gegner sich selbst
noch mehr positionell kompromittiert.} Nc8 30. Nc3 Bd8 31. Rf3 Be7 32. Ref1 Kg7
33. g4 g5 {[%csl Rf5][%cal Gc3e2,Ge2g3,Gg3f5] Es ist schon zu spät etwas
vernünftigeres zu bedenken, aber nebst b5 kann der weiße Springer jetzt auch
auf f5 grasen.} 34. fxg5 fxg5 35. Ne2 {[%cal Ge2g3,Gg3f5]} Rxf3 {Bevor Nf5
seine Stellung ganz erstickt, tauscht Schwarz noch schnell die Türme ab.} 36.
Rxf3 Rf8 37. Ng3 Rxf3 38. Qxf3 Kg8 39. Kg2 Bf8 40. Qf5 Qxf5 (40... Qe8 41. Nh5
Kh8 42. Qf6+ Kh7 43. h3 Kg8 $22 44. h4 gxh4 45. Bxh6 $18) 41. exf5 {[%csl Rd6]
[%cal Gg3e4] und die Leiden des schwarzen Werthers waren vorbei....} (41. exf5
Kf7 42. Ne4 Bg7 43. Kg3 Bf6 44. h4 gxh4+ 45. Kh3 Kg7 46. Bxh6+ Kxh6 47. Nxf6
Kg5 48. Ne4+ Kh6 49. Kxh4 $18 {usw. ist eine Möglichkeit.}) 1-0

[Event "Lippstadt 12th"]
[Site "Lippstadt"]
[Date "2004.07.25"]
[Round "2"]
[White "Romanishin, Oleg M"]
[Black "Jakubowski, Krzysztof"]
[Result "1/2-1/2"]
[WhiteElo "2541"]
[BlackElo "2508"]
[Annotator "Meulders,R"]
[PlyCount "69"]
[EventDate "2004.07.24"]
[EventType "tourn"]
[EventRounds "9"]
[EventCountry "GER"]
[EventCategory "10"]
[SourceTitle "CBM 103"]
[Source "ChessBase"]
[SourceDate "2004.11.11"]
[SourceVersion "1"]
[SourceVersionDate "2004.11.11"]
[SourceQuality "1"]

1. d4 Nf6 2. Nf3 d6 3. g3 Bg4 4. Bg2 c6 5. c4 Nbd7 6. Nc3 e5 7. O-O Be7 8. h3
Bxf3 9. Bxf3 O-O 10. b3 Re8 11. Bg2 exd4 (11... Qa5 12. Bb2 Rad8 13. e3 Nf8 14.
a3 exd4 15. Qxd4 Ne6 16. Qd1 d5 17. b4 Qb6 18. cxd5 cxd5 19. Nxd5 Nxd5 20. Bxd5
Ng5 21. Qb3 Nxh3+ 22. Kg2 Ng5 23. f4 Ne6 24. Rad1 $16 {1/2-1/2 Alvarez,
J-Arribas,M/Havana 1999/CBM 70 ext (42)}) 12. Qxd4 a5 13. Bb2 $14 {[%csl Gb2,
Gg2]} Bf8 14. Rad1 Nc5 15. e4 Qb6 {[%csl Rb6]} 16. Ba3 (16. Rfe1 a4 $1) 16...
a4 $5 {So wird den Springer vertrieben, aber Weiss schwächt damit seinen
Damenflügel.} (16... Qc7) 17. b4 Ncd7 {[%csl Ra3,Rc4]} 18. Qd2 {eigentlich
erzwungen} (18. Rfe1 Qxd4 19. Rxd4 Ne5 $15 {[%csl Rf3]}) (18. Qxb6 Nxb6 $17 {
[%csl Rc4]}) 18... Qa6 {[%csl Rc4]} 19. b5 Qa5 20. Qc2 Rac8 21. bxc6 Rxc6 {
Weiss bekommt keine Ruhe. Er muss umsichtig handeln um Materialverlust zu
vermeiden.} 22. e5 $6 (22. Nd5 $142 Rec8 23. Qb2 Nxd5 24. cxd5 R6c7 25. Rc1 $14
{[%csl Ga3,Gg2]}) 22... Rxc4 23. exf6 Qxc3 24. Qxc3 Rxc3 25. Bb4 Rc4 26. Bxd6
Nxf6 27. Bxb7 Rc2 28. a3 Rc3 29. Bxf8 {Es ist klar dass Weiss keinen einzigen
Vorteil hat.} Kxf8 30. Rd4 Rb8 31. Bg2 Rxa3 32. Bc6 g6 33. Bxa4 Kg7 34. Bc6 Rc8
35. Rc1 {Der weisse Vorteil ist minimal und nur theoretisch, also Remis.}
1/2-1/2

[Event "Bundesliga 0304"]
[Site "Germany"]
[Date "2004.02.13"]
[Round "7.4"]
[White "Reuss, Andreas"]
[Black "Krasenkow, Michal"]
[Result "1/2-1/2"]
[WhiteElo "2361"]
[BlackElo "2597"]
[Annotator "Meulders,R"]
[PlyCount "81"]
[EventDate "2003.11.01"]
[EventType "team-tourn"]
[EventRounds "15"]
[EventCountry "GER"]
[SourceTitle "CBM 100"]
[Source "ChessBase"]
[SourceDate "2004.06.01"]
[SourceVersion "1"]
[SourceVersionDate "2004.06.01"]
[SourceQuality "1"]
[WhiteTeam "Stuttgart"]
[BlackTeam "Baden Oos"]
[WhiteTeamCountry "GER"]
[BlackTeamCountry "GER"]

1. Nf3 d6 2. c4 Nf6 3. Nc3 Bf5 4. d4 c6 5. Bg5 Ne4 (5... Nbd7 6. Nh4 Bg6 7.
Nxg6 hxg6 8. e4 Qb6 9. Qd2 e5 10. O-O-O Qxd4 11. Qxd4 exd4 12. Rxd4 Be7 13. Be2
Nd5 14. exd5 Bxg5+ 15. Kc2 c5 16. Rdd1 $14) 6. Nxe4 Bxe4 7. Qb3 (7. Nd2 Bg6 8.
Qb3 Qc7 9. e3 e5 10. Bd3 Bxd3 11. Qxd3 Be7 12. Bxe7 Qxe7 13. dxe5 dxe5 14.
O-O-O O-O 15. Ne4 Na6 16. Qd6 Rfe8 17. Qxe7 Rxe7 18. g4 $14 {1-0 Burmakin,
V-Lazic,M/Seefeld 2000 (49)}) 7... Qb6 8. Qc3 (8. Qxb6 axb6 9. Nd2 Bg6 10. e4
e5 11. d5 Be7 $11) 8... Nd7 9. Nd2 Bg6 10. e4 e5 11. Be3 Qc7 12. Be2 Be7 {
[%csl Re7]} 13. d5 $6 {Das führt zu einer Vereinfachung. Nach} (13. O-O O-O 14.
f4 f5 15. Bd3 {hat Weiß ein kleines Plus, weil er etwas mehr Raum hat.}) 13...
cxd5 14. cxd5 (14. exd5 {entgeht dem Damentausch, aber ist natürlich keine
Verbesserung:} f5 15. f4 Bh4+ 16. g3 Bf6 17. fxe5 Nxe5 18. Bd4 O-O 19. O-O Rae8
$11) 14... Qxc3 15. bxc3 {[%csl Rc3]} Bd8 $1 $11 {[%cal Gd8b6] Der schlechte
Läufer wird getauscht.} 16. a4 (16. Nc4 Ke7 17. f3 b5 18. Nd2 a6 19. a4 Ba5 $11
) 16... Bb6 17. Bxb6 axb6 (17... Nxb6 18. a5 (18. O-O Ke7 19. a5 Nd7) 18... Nd7
19. Bb5 Ke7 20. Bxd7 Kxd7 21. Ke2 Rhc8 $15) 18. Bb5 Ke7 19. Nc4 (19. Ke2 Nc5
20. Ke3 f5 21. f3 $11) 19... Rac8 20. f3 f5 {[%csl Rb6,Rc3] Es ist klar, dass
Schwarz die Initiative hat.} 21. exf5 Bf7 $6 (21... Bxf5 $11) 22. Bxd7 $6 (22.
Rd1 $1 Rc5 23. Kf2 Rxd5 (23... Rhc8 $4 24. Bxd7 $18) 24. Ne3 Rxd1 25. Rxd1 $14)
22... Rxc4 23. Be6 Rxc3 24. Kd2 Rc5 25. Rhb1 Bxe6 26. dxe6 Rc6 27. a5 g6 $1 28.
fxg6 hxg6 29. Rxb6 (29. h3 Ra8 $17) 29... Rxb6 30. axb6 Kxe6 (30... Rxh2 $5 31.
Ra7 Rxg2+ 32. Kc1 Kxe6 (32... Rh2 33. Rxb7+ Kxe6 34. Rc7 Rh8 35. b7 Rb8 36. Kd2
d5 37. Rg7 g5 38. Ke3 Kd6 39. Rg6+ Kc5 40. Rxg5 Rxb7 41. Rxe5 $11) 33. Rxb7 Rh2
34. Rg7 Rh8 35. b7 Rb8 36. Kd2 Kd5 37. Rc7 $15 {und mehr als ein Plusremis hat
Schwarz nicht.}) 31. h3 {Es riecht nach Remis.} Kd5 32. Rc1 Ra8 33. Rc7 Ra2+
34. Ke3 Rxg2 35. Rxb7 Kc6 36. Rb8 d5 37. Re8 Kxb6 38. Rxe5 Kc5 39. Re8 g5 40.
Rc8+ Kd6 41. Rd8+ 1/2-1/2

[Event "Minneapolis HB Global op"]
[Site "Minneapolis"]
[Date "2005.05.20"]
[Round "4"]
[White "Izoria, Zviad"]
[Black "Sokolin, Leonid M"]
[Result "1-0"]
[WhiteElo "2602"]
[BlackElo "2513"]
[Annotator "Meulders,R"]
[PlyCount "45"]
[EventDate "2005.05.18"]
[EventType "swiss"]
[EventRounds "9"]
[EventCountry "USA"]
[SourceTitle "CBM 107"]
[Source "ChessBase"]
[SourceDate "2005.08.01"]
[SourceVersion "1"]
[SourceVersionDate "2005.08.01"]
[SourceQuality "1"]

1. d4 Nf6 2. c4 d6 3. Nf3 Bg4 4. Nc3 Nc6 {Riskant. Das weniger frivole ...Nbd7
ist sicherer und besser.} 5. d5 Ne5 {Schachriesen wie Alekhine und Gligoric
bevorzügten hier das bescheidene Nb8, aber ob das besser ist...} (5... Nb8 6.
e4 (6. g3 g6 7. Bg2 Bg7 8. O-O O-O 9. Re1 c5 10. h3 Bxf3 11. exf3 Na6 12. Qd2
Nc7 13. f4 Rb8 14. b3 $14 {0-1 Osterman,R-Gligoric,S/Ljubljana/Portoroz 1973 
(31)}) 6... g6 7. Be2 Bg7 8. h3 Bxf3 9. Bxf3 Nbd7 10. Be3 h6 11. Be2 e5 12. Qd2
(12. dxe6 $1 fxe6 13. Qb3 $16) 12... b6 13. O-O-O Nc5 14. Qc2 a6 15. g4 $16 Ng8
16. h4 Bf6 17. h5 Bg5 18. Qd2 Bxe3 19. Qxe3 g5 20. b4 Nd7 21. Kb2 Ne7 {1/2-1/2
Gruenfeld,E-Alekhine,A/Margate 1923 (21)}) 6. Nxe5 dxe5 7. Qb3 Qc8 8. e4 Bd7 (
8... g6 9. c5 Bg7 10. c6 bxc6 11. Qa4 a5 12. h3 Bd7 13. dxc6 Be6 14. Bg5 O-O
15. Rc1 Rd8 16. Be2 Rd4 17. Qc2 Rb8 18. b3 a4 19. bxa4 $16 {1-0 Kozul,
Z-Podvrsnik,M/Ptuj 1989 (34)}) (8... c6 9. Be3 Bd7 10. Rd1 Qc7 11. Qa3 cxd5 12.
cxd5 a6 13. Be2 Ng4 14. Bxg4 Bxg4 15. f3 Bd7 16. d6 Qc6 17. Nd5 e6 18. Nb6 $18
{1-0 Persson,C-Gonzalez,E/Sweden 1996 (30)}) 9. f4 (9. Be2 e6 10. Be3 b6 11.
O-O Be7 12. dxe6 Bxe6 13. Nd5 Bxd5 14. cxd5 O-O 15. Qc2 Bd6 16. a3 a5 17. Rab1
Qd7 18. h3 g6 19. Bh6 $18 {1-0 Janjgava,L-Demuth,J/Baden-Baden 1991 (29)}) 9...
e6 10. Be2 exd5 11. fxe5 Nxe4 12. cxd5 Nxc3 13. Qxc3 c6 14. e6 fxe6 15. Bh5+
Kd8 16. Bg5+ Kc7 (16... Be7 17. d6 $18) 17. Bf4+ Kb6 18. Qb3+ Ka6 19. Be2+ b5
20. a4 Kb6 21. dxc6 $18 Qxc6 22. Be3+ Bc5 23. Rc1 1-0

[Event "EU-Cup 19th"]
[Site "Rethymno"]
[Date "2003.10.03"]
[Round "6.1"]
[White "Sakaev, Konstantin"]
[Black "Kuzmin, Gennadi P"]
[Result "1-0"]
[WhiteElo "2655"]
[BlackElo "2516"]
[Annotator "Meulders,R"]
[PlyCount "69"]
[EventDate "2003.09.28"]
[EventType "team-swiss"]
[EventRounds "7"]
[EventCountry "GRE"]
[SourceTitle "CBM 098"]
[Source "ChessBase"]
[SourceDate "2004.02.03"]
[SourceVersion "1"]
[SourceVersionDate "2004.02.03"]
[SourceQuality "1"]
[WhiteTeam "St Petersburg"]
[BlackTeam "Momot Alexander"]
[WhiteTeamCountry "RUS"]
[BlackTeamCountry "UKR"]

1. d4 Nf6 2. c4 d6 3. Nc3 c6 4. e4 e5 5. d5 Be7 6. f3 {Sämisch ist gut gegen
Königsindisch, also hier kann das auch nicht schlecht sein. Bc8 wird dem Feld
g4 genommen, wo er oft erscheint nach Nf3.} Nbd7 (6... O-O 7. Be3 a6 (7... cxd5
8. cxd5 Nh5 9. Qd2 a6 10. g3 b5 11. Bh3 Nd7 12. b3 g6 13. Nge2 b4 14. Na4 Nc5
15. Bxc8 Rxc8 16. Nxc5 dxc5 17. O-O $14 {1-0 Ionescu,C-Bogdan,D/Bucharest 1993/
CBM 35 ext (35)}) (7... a5 8. Bd3 Na6 9. Nge2 Nd7 10. a3 (10. Qd2 $1) 10... Bg5
11. Bf2 Ndc5 12. Bc2 cxd5 $2 (12... Rb8) 13. Nxd5 a4 14. O-O Bd7 15. Nec3 $16 {
1/2-1/2 Razuvaev,Y-Vokac,M/Pardubice 1993/TD (59)}) 8. Nge2 (8. Qd2 Nbd7 (8...
cxd5 9. cxd5 b5 10. Bd3 Nbd7 11. Nge2 Bb7 12. O-O Qb8 13. Rac1 Bd8 14. a4 b4
15. Nd1 a5 16. b3 Bb6 17. Bxb6 Nxb6 18. Ne3 $14 {0-1 Oll,L-Chernin,A/Moscow
1995/CBM 46 ext (38)}) 9. Nh3 cxd5 10. cxd5 b5 11. Nf2 Nb6 12. b3 Bd7 13. Be2
Ne8 (13... b4 14. Ncd1 a5 15. Nb2 $14) 14. a3 f5 15. exf5 Bxf5 16. O-O Nf6 17.
Nfe4 Rb8 18. Rac1 Qd7 19. Nxf6+ Bxf6 20. Ne4 $16 {1-0 Razuvaev,Y-Cherniaev,A/
Gausdal 1993/TD (32)}) (8. Bd3 cxd5 (8... b5 9. cxb5 axb5 10. dxc6 b4 11. Nd5
Nxc6 12. Bb6 Qd7 13. Bb5 Nxd5 14. exd5 Qb7 15. Bxc6 Qxb6 16. Bxa8 Ba6 17. Bc6
Qe3+ 18. Ne2 Bg5 19. a4 {1-0 Tseshkovsky,V-Stepovaia Dianchenko,T/Krasnodar
1997/EXT 99 (19)}) 9. cxd5 b5 10. Nge2 Nbd7 11. b4 Nb6 12. a4 Nxa4 13. Nxa4
bxa4 14. Rxa4 Qc7 15. Qa1 Rb8 16. Qa3 Bd8 17. O-O Qe7 18. Rc1 Bb6 19. Bxb6 Rxb6
20. Bxa6 $16 {1/2-1/2 Kohlweyer,B-Schebler,G/Germany 1995/GER-chT2 (36)}) 8...
cxd5 9. cxd5 Nh5 10. Qd2 b5 11. Nc1 Bd7 12. Nd3 Qc7 13. a4 Qb7 14. a5 Be8 15.
Nb4 Nd7 16. Bd3 Nc5 17. Bc2 Bd7 18. O-O $14 {1-0 Steinbacher,M-Hickl,J/Ostend
1989/EXT 99 (40)}) 7. Be3 Nh5 {Selbstverständlich möchte Schwarz den
schlechten B tauschen und ebenso selbstverständlich wird dies verhindert.} 8.
Qd2 Nb6 {Ein Springer am Rand, einer auf b6, wenig Raum für den 'guten' Bc8
und keine unmittelbare Möglichkeit den schlechten Be7 zu tauschen. Also ein
spürbares Vorteil für Weiß.} 9. g3 {[%cal Gf3f4,Gf1h3]} O-O 10. b3 Bd7 11. Bd3
(11. Bh3 Qc7 12. Bxd7 Nxd7 13. Nge2 $14) 11... cxd5 12. cxd5 h6 {Schwarz
möchte den Be7 tauschen. Falls Weiß nach Bg5 reagiert mit f4, bekommt Schwarz
nach ....exf4 gxf4 ...Bf6 Gegenspiel via die a1-h8 Diagonale.} 13. O-O-O $5 {
Sieht sehr riskant aus, weil die c-Linie geöffnet ist gegen den weißen K, aber
andererseits bekommt Weiß jetzt Chancen gegen den schwarzen K, falls Schwarz
seinen Plan mit ....Bg5 f4 ...exf4 gxf4 ausführt.} (13. a4 Bg5 14. a5 Bxe3 15.
Qxe3 Nc8 16. Nge2 $11) 13... Bg5 14. f4 exf4 15. gxf4 Bf6 {[%cal Gf6c3,Ga8c8,
Gc8c3]} 16. Nge2 {[%cal Gh1g1,Gg1g7]} Bg4 17. Kb1 Bxc3 (17... Rc8 18. Rc1) 18.
Qxc3 Re8 {[%cal Ge8e4,Ge7e4]} (18... Rc8 19. Qa5 $16) 19. Rhg1 Bf3 20. Bd4 g6
$2 {Schwächt die Diagonale a1-h8 und lockt nur f5 aus.} ({Viel besser war wohl
} 20... f6) 21. f5 g5 22. f6 $3 (22. h4 $1 Bxe4 23. hxg5 Nxd5 24. gxh6+ Kh7 25.
Qd2 $18) 22... Rxe4 $1 23. Bxe4 Bxe4+ 24. Ka1 Rc8 $2 (24... Nxd5 25. Qd2 $18)
25. Qe3 (25. Qh3 $5 Bg6 26. Ng3 $18) 25... Bg6 26. Qf3 $18 Nd7 27. h4 {Die
weiße Initiative wird jetzt unwiderstehlich.} Rc2 28. hxg5 Qa5 29. Bb2 Ne5 30.
Qe3 Qb4 31. a3 Qa5 32. Nd4 Rc8 33. Rh1 Kh7 34. Rxh5 $1 Bxh5 35. Qh3 {[%csl Rc8,
Rh5]} 1-0

[Event "EU-ch 6th"]
[Site "Warsaw"]
[Date "2005.06.28"]
[Round "10"]
[White "Stocek, Jiri"]
[Black "Nalbandian, Tigran"]
[Result "1-0"]
[WhiteElo "2585"]
[BlackElo "2508"]
[Annotator "Meulders,R"]
[PlyCount "43"]
[EventDate "2005.06.18"]
[EventType "swiss"]
[EventRounds "13"]
[EventCountry "POL"]
[SourceTitle "CBM 108"]
[Source "ChessBase"]
[SourceDate "2005.09.26"]
[SourceVersion "1"]
[SourceVersionDate "2005.09.26"]
[SourceQuality "1"]

1. d4 Nf6 2. c4 d6 3. Nc3 Nbd7 4. e4 e5 5. Nge2 c6 6. d5 Nc5 7. f3 cxd5 (7...
a5 8. Be3 Na6 $6 (8... Be7) 9. Nc1 Be7 10. Qd2 O-O 11. Nd3 Nb4 12. Nf2 cxd5 13.
cxd5 Bd7 14. a3 Na6 15. b3 $14 {1-0 Chernin,A-Deppe,A/Netherlands 1998 (33)})
8. cxd5 a5 9. Ng3 a4 $2 ({Zuerst entwickeln, also} 9... Be7 10. Bb5+ Bd7 11.
Nf5 O-O 12. Bxd7 Qxd7 13. O-O $14) 10. Bb5+ Bd7 11. Qe2 Bxb5 $6 (11... Be7 12.
Be3 O-O 13. O-O $16) 12. Nxb5 {[%csl Rd6,Rf5][%cal Gg3f5,Gb5d6]} g6 13. O-O Bg7
14. Be3 O-O 15. Rac1 {[%csl Rc5][%cal Gb5d6,Ge3c5,Gc1c5]} b6 16. b4 $1 {
Ein zeitweiliges Bauernopfer.} axb3 17. axb3 Nxb3 {Schwarz muss das Opfer
annehmen, sonst kommt einfach später b4 und nachher spaziert der Turm durch
die offene Tür auf c6 hinein.} 18. Rc6 {[%csl Rb6,Rd6][%cal Ge3b6,Gb5d6,Gc6d6]}
Ne8 19. Bxb6 Qb8 20. Bf2 Bh6 21. Qd3 Ra5 $4 {Ich glaube Schwarz hatte keine
Lust weiter zu spielen, also Selbstmord, bitte.} (21... Na5 {ist weiniger
schrecklich.} 22. Rb6 Qd8 23. Rb1 $16) 22. Rb6 {[%csl Rb3]} 1-0